Derecho romano clásico
Furkejuvvon:
| Váldodahkki: | |
|---|---|
| Materiálatiipa: | Girji |
| Giella: | espánnjágiella |
| Almmustuhtton: |
Barcelona
Bosch
1960
|
| Fáttát: | |
| Fáddágilkorat: |
Lasit fáddágilkoriid
Eai fáddágilkorat, Lasit vuosttaš fáddágilkora!
|
MARC
| LEADER | 00000nam a2200000 a 4500 | ||
|---|---|---|---|
| 001 | UCS2173 | ||
| 003 | CL-VaPUC | ||
| 008 | 970516e19600000SP |||||||||||||||||spa|d | ||
| 082 | 0 | 4 | |a 340.54 |b SCH |2 21 |
| 100 | 0 | |a Schulz, Fritz |e author |9 387283 | |
| 245 | 1 | 0 | |a Derecho romano clásico |
| 300 | |a 620 p | ||
| 942 | |c BK | ||
| 945 | |d 19970516 00:00:00 |a lriquelm | ||
| 260 | |a Barcelona |b Bosch |c 1960 | ||
| 650 | 0 | |a Derecho romano |9 255930 | |
| 650 | 7 | |a PERSONA |2 CL-VaPUC |9 327934 | |
| 650 | 0 | |a Derecho de familia |9 255603 | |
| 650 | 0 | |a Derecho sucesorio |9 255015 | |
| 650 | 0 | |a Patrimonio |9 257770 | |
| 650 | 0 | |a Propiedad |9 255268 | |
| 650 | 7 | |a SERVIDUMBRE |2 CL-VaPUC |9 353384 | |
| 650 | 0 | |a Posesión |9 258681 | |
| 650 | 0 | |a Obligaciones |9 255578 | |
| 650 | 0 | |a Contratos |9 255153 | |
| 583 | |a last modification |c 19970516 00:00:00 |k Rodrigo Vera | ||
| 999 | |c 260164 |d 260162 | ||
| 952 | |0 0 |1 0 |4 0 |6 340_540000000000000_SCH_1960 |7 0 |8 A |9 285822 |a BIBDER |b BIBDER |d 2019-11-19 |i 1856812 |o 340.54 SCH 1960 |p 1856812 |r 2023-01-25 |w 2019-11-19 |y BK |k DER | ||
| 952 | |0 0 |1 0 |4 0 |6 340_540000000000000_SCH_1960 |7 0 |8 A |9 285823 |a BIBDER |b BIBDER |d 2019-11-19 |i 1856820 |l 2 |o 340.54 SCH 1960 |p 1856820 |r 2023-01-25 |s 2021-12-09 |w 2019-11-19 |y BK |k DER | ||
| 952 | |0 0 |1 0 |4 0 |6 340_540000000000000_SCH_1960 |7 0 |8 DER_ROM |9 285824 |a BIBDER |b BIBDER |d 2019-11-19 |i 1856839 |o 340.54 SCH 1960 |p 1856839 |r 2023-01-25 |w 2019-11-19 |x Ubicación 4to piso |y BK |z Este recurso debe solicitarse con anticipación |k DER | ||
| 952 | |0 0 |1 0 |4 0 |6 340_540000000000000_SCH_1960 |7 0 |8 DER_ROM |9 285825 |a BIBDER |b BIBDER |d 2019-11-19 |i 1894382 |l 1 |m 1 |o 340.54 SCH 1960 |p 1894382 |r 2023-01-25 |s 2020-03-13 |w 2019-11-19 |x Ubicación 4to piso |y BK |z Este recurso debe solicitarse con anticipación |k DER | ||